| 000 | 00503cam a22002054a 4500 | ||
|---|---|---|---|
| 005 | 20250605164153.0 | ||
| 008 | 250528s ||||||||||||||||||||||||d | ||
| 035 | _a19443 | ||
| 020 | _a137119453 | ||
| 040 |
_aGR-AtMCL _bgre _dGR-AtMCL _eAACR2 |
||
| 245 | 1 | _aPROBABILITY AND STATISTICS FOR ENGINEERS | |
| 250 | _a2 | ||
| 260 |
_bPrentice Hall, _c1977 |
||
| 300 | _a528 | ||
| 700 | 1 |
_aFreund John E _93223 |
|
| 700 | 1 |
_aMiller Irwin _95696 |
|
| 942 | _cBK | ||
| 999 |
_c4699 _d4699 |
||